00831 2200325 4500001002100000005001500021035002000036007000300056008004100059020001800100082001000118084001600128100001900144245009900163260003200262300003500294650001500329700001800344520003000362990001200392990001200404990001100416990001200427990001100439990001100450990001100461990001100472990001100483990001100494INLIS00000000000204420180605104751 a0010-0618000013ta180605 g 0 ind  a9786023753420 a302.2 a302.2 TIT c0 aTITUK, Cahyani1 aChange or Die :b7 Jurus Komunikasi Menghindari Konflik /cTituk Cahyani; editor, Diane Novita aJakarta :bGrasindo,c[s.a] ax, 140 hlm. :bilus. ;c21 cm. aKOMUNIKASI0 aDIANE, Novita aBibliografi: hlm. 139-140 a16702 a a16702 b a16702b a16702 a a16702a a16702b a16702b a16702a a16702a a16702b